| 000 | 00497nam a2200157Ia 4500 | ||
|---|---|---|---|
| 008 | 210716s2018 xx 000 0 und d | ||
| 020 | _a9789352136834 | ||
| 041 | _aeng | ||
| 082 | _a005.1372 BLAJ | ||
| 100 | _aBlandy, Jim;Orendorff, Jason. | ||
| 245 |
_aProgramming rust: fast safe systems development. _bFast safe systems development. |
||
| 250 | _a1 | ||
| 260 |
_aNew Delhi _bShroff Publishers and Distributors Pvt Ltd _c2018 |
||
| 300 | _axx,598 | ||
| 650 | _aProgramming Languages(005.13) | ||
| 999 |
_c196902 _d196902 |
||